| 000 | 00539nam a2200181Ia 4500 | ||
|---|---|---|---|
| 999 |
_c8986 _d8986 |
||
| 003 | OSt | ||
| 005 | 20201007114335.0 | ||
| 008 | 190216s9999||||xx |||||||||||||| ||und|| | ||
| 020 | _a8126502819 | ||
| 040 | _coclc | ||
| 082 |
_a005.133 _bPAN/V |
||
| 100 |
_aPandey, Nitin _95370 |
||
| 245 | 0 |
_aVisual Studio.Net Programming / _cNitin Pandey ; Yesh Singhal ; Mridula Parihar |
|
| 260 |
_bWiley India, _aNew Delhi: _c2007. |
||
| 300 | _a928p | ||
| 650 | _aComputer | ||
| 942 |
_cBK _2ddc _h005.133 _iPAN/V _k005.133 _mPAN/V |
||